000 00580nam a2200229Ia 4500
003 OSt
005 20220923225732.0
006 a|||||r|||| 00| 0
007 ta
008 Pun
024 _a274,289
037 _cTextual
040 _aARTS
_cARTS
_bPun
041 _2Pun
_aPun
082 _aO153,6:g, J1
100 _aਸਿੰਘ, ਸਾਹਿਬ
245 0 _aਸਰਬੱਤ ਦਾ ਭਲਾ
260 _c1951
650 _aਪੰਜਾਬੀ ਸਾਹਿਤ
942 _hO153,6:g, J1
_cTEXL
_2CC
999 _c380053
_d380053